[Event "Charleroi op"]
[Site "Roux"]
[Date "2019.07.30"]
[Round "5"]
[White "Abdullayev, Elshad"]
[Black "Mirzoev, Azer"]
[Result "0-1"]
[WhiteElo "2204"]
[BlackElo "2474"]
[PlyCount "116"]
[EventDate "2019.07.27"]
[EventType "swiss"]
[EventRounds "9"]
[EventCountry "BEL"]
[SourceTitle "CBM 191 Extra"]
[Source "ChessBase"]
[SourceDate "2019.09.30"]
[SourceVersion "1"]
[SourceVersionDate "2019.09.30"]
[SourceQuality "1"]

1. Nf3 d5 2. d4 c6 3. e3 Bg4 4. c4 e6 5. Nc3 Nd7 6. Bd3 Ngf6 7. h3 Bh5 8. 0-0 Be7 9. b3 0-0 10. Bb2 Re8 11. e4 dxe4 12. Nxe4 Nxe4 13. Bxe4 Nf6 14. Bc2 a5 15. Qe2 Qc7 16. Qe3 Bg6 17. Bxg6 hxg6 18. Ne5 a4 19. Qf3 Red8 20. g4 Bd6 21. Rfe1 c5 22. dxc5 Bxc5 23. Rad1 axb3 24. axb3 g5 25. Kg2 Bb4 26. Rxd8+ Rxd8 27. Rd1 Rxd1 28. Qxd1 Bd6 29. Qd4 Bc5 30. Qd3 Qb6 31. Qf3 Bd6 32. h4 Bxe5 33. Bxe5 Nd7 34. Bg3 gxh4 35. Bxh4 Ne5 36. Qe4 Ng6 37. Bg3 Qxb3 38. f4 Qb2+ 39. Kh3 Nf8 40. f5 Qb6 41. Bf4 Qc6 42. Qxc6 bxc6 43. Bc7 g6 44. fxg6 f6 45. Kg3 Kg7 46. Kf4 Nd7 47. Ke4 Kxg6 48. Bf4 Nc5+ 49. Kd4 e5+ 50. Bxe5 Nb3+ 51. Ke4 fxe5 52. Kxe5 Kg5 53. c5 Kxg4 54. Kd6 Nd4 55. Ke5 Nb5 56. Ke4 Kg3 57. Ke3 Kg2 58. Ke2 Kg1 0-1

[Event "EU-ch 19th"]
[Site "Batumi"]
[Date "2018.03.25"]
[Round "8"]
[White "Schekachikhin, Maksim"]
[Black "Abdullayev, Elshad"]
[Result "1-0"]
[WhiteElo "2406"]
[BlackElo "2168"]
[PlyCount "65"]
[EventDate "2018.03.17"]
[EventType "swiss"]
[EventRounds "11"]
[EventCountry "GEO"]
[SourceTitle "CBM 184"]
[Source "ChessBase"]
[SourceDate "2018.05.16"]
[SourceVersion "1"]
[SourceVersionDate "2018.05.16"]
[SourceQuality "1"]

1. d4 Nf6 2. c4 e6 3. Nf3 Bb4+ 4. Nbd2 d5 5. Qa4+ Nc6 6. e3 0-0 7. a3 Bxd2+ 8. Bxd2 Ne4 9. Qc2 Re8 10. Bd3 Nxd2 11. Nxd2 dxc4 12. Bxh7+ Kh8 13. Be4 e5 14. Qxc4 f5 15. Bxc6 bxc6 16. dxe5 Rb8 17. Nf3 Be6 18. Qe2 c5 19. 0-0 Qe7 20. Rfd1 Rb6 21. Rd2 g5 22. Rc1 g4 23. Ne1 Bc8 24. f4 Rh6 25. g3 Ba6 26. Qg2 Rd8 27. Rcd1 Rxd2 28. Qxd2 Rb6 29. Nd3 Bb7 30. Nxc5 Bc6 31. b4 Rb8 32. e6 Qf6 33. Nd7 1-0

[Event "EU-ch 19th"]
[Site "Batumi"]
[Date "2018.03.20"]
[Round "4"]
[White "Ivanisevic, Ivan"]
[Black "Abdullayev, Elshad"]
[Result "0-1"]
[WhiteElo "2587"]
[BlackElo "2168"]
[PlyCount "76"]
[EventDate "2018.03.17"]
[EventType "swiss"]
[EventRounds "11"]
[EventCountry "GEO"]
[SourceTitle "CBM 184"]
[Source "ChessBase"]
[SourceDate "2018.05.16"]
[SourceVersion "1"]
[SourceVersionDate "2018.05.16"]
[SourceQuality "1"]

1. d4 d5 2. c4 e6 3. Nc3 Nf6 4. Bg5 Be7 5. e3 h6 6. Bh4 0-0 7. Nf3 b6 8. Bd3 Bb7 9. 0-0 Nbd7 10. Rc1 c5 11. cxd5 Nxd5 12. Bg3 N7f6 13. Nxd5 Qxd5 14. b4 cxb4 15. Rc7 Bd8 16. e4 Nxe4 17. Bc4 Nxg3 18. Bxd5 Bxd5 19. Rxf7 Nxf1 20. Rxf8+ Kxf8 21. Ne5 Bf6 22. Nd7+ Ke7 23. Nxf6 Kxf6 24. Kxf1 a5 25. Qa4 b5 26. Qxb5 Bxa2 27. Qe5+ Kf7 28. f4 a4 29. f5 a3 30. Qc7+ Kg8 31. f6 gxf6 32. Qg3+ Kh8 33. Qg6 Bd5 34. Qxf6+ Kg8 35. Qg6+ Kf8 36. Qxh6+ Ke8 37. Qh5+ Kd7 38. Qh7+ Kd6 0-1

[Event "EU-ch 19th"]
[Site "Batumi"]
[Date "2018.03.17"]
[Round "1"]
[White "Abdullayev, Elshad"]
[Black "Sanal, Vahap"]
[Result "1/2-1/2"]
[WhiteElo "2168"]
[BlackElo "2543"]
[PlyCount "93"]
[EventDate "2018.03.17"]
[EventType "swiss"]
[EventRounds "11"]
[EventCountry "GEO"]
[SourceTitle "CBM 184"]
[Source "ChessBase"]
[SourceDate "2018.05.16"]
[SourceVersion "1"]
[SourceVersionDate "2018.05.16"]
[SourceQuality "1"]

1. d4 Nf6 2. Nf3 e6 3. c4 b6 4. Nc3 Bb7 5. Qc2 Bb4 6. e3 Ne4 7. Bd3 f5 8. a3 Bxc3+ 9. bxc3 d6 10. Nd2 Nxd2 11. Bxd2 Qg5 12. 0-0-0 Qe7 13. e4 fxe4 14. Bxe4 Bxe4 15. Qxe4 d5 16. cxd5 Qxa3+ 17. Kb1 Qb3+ 18. Kc1 Qxd5 19. Qxd5 exd5 20. Rde1+ Kf7 21. Re5 Rd8 22. Rhe1 Nc6 23. Rf5+ Kg8 24. Re6 Na5 25. Re7 Rf8 26. Rxd5 Rxf2 27. Be1 Rxg2 28. Rxc7 h6 29. Re5 Nb3+ 30. Kd1 a5 31. d5 Nc5 32. Bg3 Rf8 33. d6 Nd3 34. Re2 Rxe2 35. Kxe2 Nc5 36. d7 Ne6 37. Rc8 Kf7 38. Bc7 a4 39. Kd2 b5 40. Rxf8+ Kxf8 41. d8Q+ Nxd8 42. Bxd8 Kf7 43. Kd3 Kg6 44. h4 Kf5 45. Be7 g5 46. hxg5 hxg5 47. c4 1/2-1/2

[Event "Baku op"]
[Site "Baku"]
[Date "2010.08.23"]
[Round "1"]
[White "Kamsky, Gata"]
[Black "Abdullayev, Elshad"]
[Result "1-0"]
[WhiteElo "2713"]
[BlackElo "2082"]
[PlyCount "77"]
[EventDate "2010.08.23"]
[EventType "swiss"]
[EventRounds "9"]
[EventCountry "AZE"]
[SourceTitle "CBM 138 Extra"]
[Source "ChessBase"]
[SourceDate "2010.10.29"]
[SourceVersion "1"]
[SourceVersionDate "2010.10.29"]
[SourceQuality "1"]

1. e4 d5 2. exd5 Nf6 3. d4 Nxd5 4. Nf3 g6 5. c4 Nb6 6. Nc3 Bg7 7. c5 Nd5 8. Bc4 Nxc3 9. bxc3 0-0 10. Qe2 Nd7 11. 0-0 c6 12. Re1 Bf6 13. Bh6 Qa5 14. Bxf8 Nxf8 15. Qe3 Be6 16. Bb3 Rd8 17. Rac1 Bd5 18. Ne5 Bxe5 19. Qxe5 Bxb3 20. axb3 Ne6 21. b4 Qa3 22. h4 h5 23. Qg3 Qb3 24. Re5 Kh7 25. Rce1 Rd5 26. Rxe6 fxe6 27. Rxe6 Qb1+ 28. Kh2 Rd7 29. Qe5 Qc2 30. Rxe7+ Rxe7 31. Qxe7+ Kh8 32. Qd8+ Kh7 33. Qc7+ Kh6 34. Qb8 Kh7 35. Qxb7+ Kh8 36. Qa8+ Kh7 37. Qxa7+ Kh8 38. Qa8+ Kh7 39. Qxc6 1-0

[Event "San Agustin op 11th"]
[Site "Aviles"]
[Date "2006.08.13"]
[Round "9"]
[White "Menendez Villar, Jesus"]
[Black "Abdullayev, Elshad"]
[Result "1-0"]
[WhiteElo "2030"]
[BlackElo "2148"]
[PlyCount "65"]
[EventDate "2006.08.05"]
[EventType "swiss"]
[EventRounds "9"]
[EventCountry "ESP"]
[SourceTitle "CBM 113 Extra"]
[Source "ChessBase"]
[SourceDate "2006.09.14"]
[SourceVersion "1"]
[SourceVersionDate "2006.09.14"]
[SourceQuality "1"]

1. d4 Nf6 2. Nf3 d5 3. c3 g6 4. Bf4 Bg7 5. e3 0-0 6. Bd3 Nbd7 7. Nbd2 c5 8. Ne5 Nh5 9. Nxd7 Nxf4 10. exf4 Bxd7 11. dxc5 Qc7 12. Qf3 Qxc5 13. Nb3 Qd6 14. 0-0 Bc6 15. Qe3 d4 16. Nxd4 Bxd4 17. cxd4 Rad8 18. Be4 Qxd4 19. Bxc6 bxc6 20. Qxe7 Rfe8 21. Qb7 Re2 22. Rab1 Qxf4 23. Qxc6 Qf5 24. Qc7 Rde8 25. Qc4 a5 26. a3 a4 27. Qxa4 R8e7 28. Qd1 Qa5 29. h3 Rd2 30. Qf3 Qb5 31. Qc3 Red7 32. Rfe1 Qf5 33. Re8# 1-0

[Event "San Agustin op 11th"]
[Site "Aviles"]
[Date "2006.08.08"]
[Round "4"]
[White "Abdullayev, Elshad"]
[Black "Yilmaz, Mustafa"]
[Result "0-1"]
[WhiteElo "2148"]
[BlackElo "2086"]
[PlyCount "138"]
[EventDate "2006.08.05"]
[EventType "swiss"]
[EventRounds "9"]
[EventCountry "ESP"]
[SourceTitle "CBM 113 Extra"]
[Source "ChessBase"]
[SourceDate "2006.09.14"]
[SourceVersion "1"]
[SourceVersionDate "2006.09.14"]
[SourceQuality "1"]

1. d4 d5 2. Nf3 Nf6 3. c4 e6 4. Nc3 Be7 5. Bg5 0-0 6. e3 Nbd7 7. cxd5 exd5 8. Bd3 c6 9. Qc2 Re8 10. 0-0 Nf8 11. Ne5 Ng4 12. Bxe7 Qxe7 13. Nxg4 Bxg4 14. Rae1 Rad8 15. f3 Bc8 16. Qf2 Qd6 17. Ne2 f5 18. Kh1 Re7 19. Ng3 g6 20. Re2 Rde8 21. Rfe1 Ne6 22. Bxf5 gxf5 23. Nxf5 Qc7 24. Nxe7+ Rxe7 25. Qg3+ Qxg3 26. hxg3 Kg7 27. Kg1 Bd7 28. Kf2 Ng5 29. Rc1 Rf7 30. Kg1 Bf5 31. Rc3 Bb1 32. Re1 Bg6 33. Ra3 a6 34. Rc3 h5 35. Rc5 Ne6 36. Rc3 Re7 37. Kf2 Kf6 38. Rh1 Ng7 39. a4 Nf5 40. b3 Be8 41. Rd3 Rg7 42. Rh3 Kg5 43. Rc3 Nd6 44. Rh1 Rf7 45. Ke2 Bd7 46. Rd3 Bf5 47. Rc3 Ne8 48. Rc5 Re7 49. Kf2 Nc7 50. Re1 Kg6 51. Rec1 Bd7 52. Rd1 b6 53. Rc3 a5 54. Rdc1 Re6 55. Rd3 Na6 56. Rcc3 Nb4 57. Rd2 Rf6 58. Ke2 Bf5 59. Kf2 Bb1 60. Ke2 Na2 61. Rxa2 Bxa2 62. Kd2 Bb1 63. Rc1 Bf5 64. Re1 Kf7 65. Rh1 Bg6 66. Rh4 Rf5 67. Kc3 Rg5 68. g4 hxg4 69. fxg4 Kg7 0-1

[Event "San Agustin op 11th"]
[Site "Aviles"]
[Date "2006.08.06"]
[Round "2"]
[White "Abdullayev, Elshad"]
[Black "Marcos Pinto, Luis"]
[Result "1/2-1/2"]
[WhiteElo "2148"]
[BlackElo "1988"]
[PlyCount "94"]
[EventDate "2006.08.05"]
[EventType "swiss"]
[EventRounds "9"]
[EventCountry "ESP"]
[SourceTitle "CBM 113 Extra"]
[Source "ChessBase"]
[SourceDate "2006.09.14"]
[SourceVersion "1"]
[SourceVersionDate "2006.09.14"]
[SourceQuality "1"]

1. d4 Nf6 2. Nf3 g6 3. c4 d5 4. Nc3 Bg7 5. Bg5 Ne4 6. cxd5 Nxg5 7. Nxg5 e6 8. Nf3 exd5 9. e3 0-0 10. Bd3 c5 11. Be2 cxd4 12. Nxd4 Nc6 13. Nxc6 bxc6 14. 0-0 Rb8 15. Rb1 Qa5 16. Bd3 Ba6 17. Bxa6 Qxa6 18. Qa4 Qb6 19. Rfc1 Rfe8 20. Qc2 Rbc8 21. Na4 Qb5 22. Nc5 d4 23. a4 Qb6 24. e4 Red8 25. Qd3 a5 26. Rc2 Bf8 27. Nb3 Rb8 28. Nd2 c5 29. Nc4 Qb4 30. b3 Qxa4 31. Rcb2 Qb5 32. Ra1 Ra8 33. Ra4 Bd6 34. g3 Bc7 35. f4 Rdb8 36. e5 Qc6 37. h4 Rb4 38. h5 Rxa4 39. bxa4 Qxa4 40. e6 Qe8 41. hxg6 hxg6 42. Qf3 Rb8 43. exf7+ Qxf7 44. Rxb8+ Bxb8 45. Nxa5 Kg7 46. Qd3 Bc7 47. Nc4 Qe7 1/2-1/2